| 000 | 00795nam a22002057a 4500 | ||
|---|---|---|---|
| 999 |
_c1428 _d1428 |
||
| 003 | AR-CdUCM | ||
| 008 | 190227b ||||| |||| 00| 0 spa d | ||
| 040 |
_aMUNICIPALIDAD PROVINCIAL DEL CUSCO _cBIBLIOTECA MUNICIPAL DEL CUSCO |
||
| 082 |
_a398.2098561 / _bC23 |
||
| 100 |
_aCalvo C., Rossano _95422 |
||
| 245 |
_aLa tradición : _brepresentación de la urbe andina cusqueña en el siglo XX / |
||
| 260 |
_aCusco : _bMunicipalidad de Santiago, _c1999. |
||
| 300 |
_a241 páginas ; _bFotografías _c20 cm. |
||
| 505 | _aLa tradición en el Cusco aldeano -- La tradición en el Cusco contemporáneo -- Santiago distrito de tradición ... | ||
| 650 |
_aTradición oral _92031 |
||
| 650 |
_aSiglo XX _98 |
||
| 650 |
_aTradición histórica _95423 |
||
| 942 |
_2ddc _cLIBROS |
||
| 945 |
_aafb _d2019-02-27 |
||